00437nam a2200145 a 450008200130000010000180001324500340003126000400006530000080010565000230011370000180013694200080015495201140016299900150027600a297 CHIL aChinniah, T I aLiterature on Islam in Telugu aHyderabadbOsmania Universityc1976 a171 aIslam-Meccan Trade1 aChinniah, T I cRRB 00104070aHMIbHMId2017-03-29eOsmania Universityg100.00l0o297 CHILp7987r2007-07-27w2026-01-16yRRB c4256d4256